000
00290nam a22001217a 4500
008
230620b xxu||||| |||| 00| 0 eng d
082
_a
324.6
_b
IEB
100
_c
IIEC
245
_a
Interim Independent Electoral Commission
260
_a
Kenya
_b
IIEC
_c
2011
300
_a
139p
942
_2
ddc
_c
BK
999
_c
1822
_d
1822